Gandhi and anarchy / (Record no. 134989)

MARC details
000 -LEADER
fixed length control field 00656nam a22002297a 4500
005 - DATE AND TIME OF LATEST TRANSACTION
control field 20170124110238.0
010 ## - LIBRARY OF CONGRESS CONTROL NUMBER
LC control number A-740247
020 ## - INTERNATIONAL STANDARD BOOK NUMBER
Terms of availability 00.00
035 ## - SYSTEM CONTROL NUMBER
System control number A-740247
037 ## - SOURCE OF ACQUISITION
Source of stock number/acquisition Cen Lib/Ret
040 ## - CATALOGING SOURCE
Original cataloging agency DPL
Language of cataloging EN
082 ## - DEWEY DECIMAL CLASSIFICATION NUMBER
Classification number 301.353
Item number NAI
100 ## - MAIN ENTRY--PERSONAL NAME
Personal name Nair, C. Sankaran
9 (RLIN) 22457
245 ## - TITLE STATEMENT
Title Gandhi and anarchy /
Statement of responsibility, etc by C. Sankaran Nair
250 ## - EDITION STATEMENT
Edition statement 2nd ed
260 ## - PUBLICATION, DISTRIBUTION, ETC. (IMPRINT)
Place of publication, distribution, etc New Delhi
Name of publisher, distributor, etc Mittal Publication
Date of publication, distribution, etc 1995
270 ## - ADDRESS
Address A-110, Moahn Graden
City New Delhi
Postal code 110059
300 ## - PHYSICAL DESCRIPTION
Extent xiv, 262p.
Dimensions 22cm(Hb)
650 ## - SUBJECT ADDED ENTRY--TOPICAL TERM
Topical term or geographic name as entry element Political science
9 (RLIN) 112888
650 ## - SUBJECT ADDED ENTRY--TOPICAL TERM
Topical term or geographic name as entry element Political and social views
9 (RLIN) 7882
942 ## - ADDED ENTRY ELEMENTS (KOHA)
Source of classification or shelving scheme Dewey Decimal Classification
Koha item type English Books
Classification part 301.353
Call number suffix NAI
Holdings
Withdrawn status Lost status Damaged status Not for loan Home library Current library Date acquired Source of acquisition Cost, normal purchase price Total Checkouts Full call number Barcode Date last seen Copy number Cost, replacement price Price effective from Koha item type Public note
Written off       Central Library Central Library 28/08/2015 Cen Lib/Ret 0.00   301.353 NAI A-740247 28/08/2015 1 0.00 28/08/2015 English Books W/d list no. 6834/17

© Delhi Public Library
Hit Counter
free hit counter